03091njm0a2200325 4500001001900000005001700019035002600036071001500062100004100077102000700118126002500125127001100150135001800161200020900179210006900388225005400457327026900511464042900780464049101209464046701700606011602167606012802283686003302411700008902444712011902533801002802652801003102680801002202711852003202733RU\NLR\ONIZ\19786320250708192228.0 a(NLR Aleph) 01040539900aRDCD 00889 a20140221d2012 |||y0rusy50 ca aRU aaguxhxu uxbxxx a000076 ahonoannnanndn1 a[Дирижирует] Евгений СветлановbЗвукозаписьfисполн.: Государственный академический симфонический оркестр aМоскваcФонд Евгения Светлановаd20121 aАнтология рус. симф. музыки1 a1. Сюита № 4 : "Моцартиана" : Соль маж. : соч. 61 ;a2. Серенада для струнного оркестра : До маж. : соч. 48 : (1880) ;a3. Итальянское каприччио : Ля маж. : соч. 45 : (1880) 012001#$aСюита № 4$e"Моцартиана"$eСоль маж.$eсоч. 6116061#$aСюиты для симфонического оркестра$xЗвукозапись$yРоссия$z19 век$2nlr_sh1686##$aЩ951.1-043(28)$vLBC/SL$2rubbk1701#1$9z01790$aЧайковский$bП. И.$gПетр Ильич$f1840-1893$4230$7ca1790#1$9z01701$aČajkovskij$bP. I.$gPetr Il`ič$f1840-1893$4230$7batСюита № 4 012001#$aСеренада для струнного оркестра$eДо маж.$eсоч. 48$e(1880)16061#$aСеренады для струнного оркестра$xЗвукозапись$yРоссия$z19 век$2nlr_sh1686##$aЩ951.1-043(28)$vLBC/SL$2rubbk1701#1$9z01790$aЧайковский$bП. И.$gПетр Ильич$f1840-1893$4230$7ca1790#1$9z01701$aČajkovskij$bP. I.$gPetr Il`ič$f1840-1893$4230$7batСеренада для струнного оркестра 012001#$aИтальянское каприччио$eЛя маж.$eсоч. 45$e(1880)16061#$aКаприччио для симфонического оркестра$xЗвукозапись$yРоссия$z19 век$2nlr_sh1686##$aЩ951.1-051(28)$vLBC/SL$2rubbk1701#1$9z01790$aЧайковский$bП. И.$gПетр Ильич$f1840-1893$4230$7ca1790#1$9z01701$aČajkovskij$bP. I.$gPetr Il`ič$f1840-1893$4230$7batИтальянское каприччио1 aСимфоническая музыка русскаяxЗвукозаписьyРоссияz19 век2nlr_sh1 aИсполнительское искусство дирижерыxЗвукозаписьyРоссияz20 век2nlr_sh aЩ951.1, 8(2)vLBC/SL2rubbk 1aСветлановbЕ. Ф.f1928-2002gЕвгений Федорович42507ca02aГосударственный академический симфонический оркестр45907ca 0aRUbNLRc20140221gPSBO 1aRUbNLRc201402212rusmarc 2aRUbNLRc20210103 aNLRbМгjД/1880p3876t1